| 000 | 01165nam0a2200325 i 4500 | ||
|---|---|---|---|
| 001 | RU\NLR\bibl\2053614 | ||
| 005 | 20241103132806.0 | ||
| 010 |
_a9785222208953 _93000 |
||
| 021 |
_aRU _b2013-48282 _93345 |
||
| 035 | _a(NLR Aleph) 002040582 | ||
| 090 |
_a4594092 _c4594092 |
||
| 100 | _a20130715d2013 u y0rusy50 ca | ||
| 101 | 0 | _arus | |
| 102 | _aRU | ||
| 105 | _aa ||||||||| | ||
| 200 | 1 |
_aВолшебный дневник желаний _eлучшие техники исполнения желаний _fМаргарита Мураховская |
|
| 205 | _a2-е изд. | ||
| 210 |
_aРостов-на-Дону _cФеникс _d2013 |
||
| 215 |
_a107 c. _cил. _d20 |
||
| 225 | 1 | _aСерия "Панацея" | |
| 320 | _aБиблиогр.5 с. 103 (13 назв.) | ||
| 606 |
_aПсихоэнергетика _jПопулярные издания _92099156 _3RU\NLR\AUTH\661269768 |
||
| 686 | 1 | _aЮ969я9 | |
| 700 | 1 |
_aМураховская _bМ. М. _gМаргарита Михайловна _4070 |
|
| 801 | 0 |
_aRU _bNLR _c20130715 _gRCR |
|
| 801 | 1 |
_aRU _bNLR _c20130715 |
|
| 942 | _cBOOK | ||
| 980 | _aNBR | ||